Rupauls Drag Race Season 9 - Statistics

General Stats
  • This quiz has been taken 268 times
  • The average score is 12 of 14
Answer Stats
Hint Answer % Correct
Winner Sasha Velour
98%
2nd Place Peppermint
95%
3rd Place Shea Coulee
95%
4th Place Trinity Taylor
95%
7th Place Valentina
91%
6th Place Nina Bo'nina Brown
87%
11th Place Eureka
86%
8th Place Farrah Moan
85%
9th Place Aja
84%
5th Place Alexis Michelle
83%
10th Place Cynthia Lee Fontaine
76%
14th PLace Jaymes Mansfield
76%
12th Place Charlie Hides
74%
13th Place Kimora Blac
68%
No matching quizzes found
Score Distribution
Percent of People with Each Score
Percentile by Number Answered
Your Score History
You have not taken this quiz